The Life of a Showgirl SONGS QUIZ - Taylor Swift - Statistics

General Stats
  • This quiz has been taken 167 times
  • The average score is 11 of 12
Answer Stats
The Life of a Showgirl % Correct
The Life of a Showgirl
97%
The Fate of Ophelia
96%
Wood
96%
Opalite
92%
Eldest Daughter
91%
CANCELLED!
89%
Elizabeth Taylor
89%
Father Figure
89%
Wi$h Li$t
85%
Honey
83%
Ruin The Friendship
81%
Actually Romantic
74%
No matching quizzes found
Score Distribution
Percent of People with Each Score
Percentile by Number Answered
Your Score History
You have not taken this quiz